Tableau des médailles olympiques - Badminton - Statistiques

Statistiques générales
  • Ce quiz a été pris 64 fois
  • Le résultat moyen est 9 sur 12
Statistiques - réponses
Total Or Argent Bronze Pays % Correct
47 20 12 15 Chine
100%
4 1 1 2 Japon
95%
20 6 7 7 Corée du Sud
88%
3 0 1 2 Inde
83%
21 8 6 7 Indonésie
78%
9 0 6 3 Malaisie
72%
9 2 3 4 Danemark
69%
3 0 1 2 Grande-Bretagne
67%
1 1 0 0 Espagne
64%
2 1 1 0 Taïwan
60%
1 0 0 1 Russie
57%
1 0 1 0 Pays-Bas
21%
Aucun quiz correspondant
Distribution des résultats
% des personnes avec chaque résultat
Percentile par nombre de réponses
Votre historique - résultats
Vous n’avez pas pris ce quiz